MODERN DENTAL ASSISTING (Record no. 3462)

MARC details
000 -LEADER
fixed length control field 00343nam a2200145Ia 4500
008 - FIXED-LENGTH DATA ELEMENTS--GENERAL INFORMATION
fixed length control field 150201s1976 xx 000 0 und d
082 ## - DEWEY DECIMAL CLASSIFICATION NUMBER
Classification number 617.6
Item number M1976B
100 ## - MAIN ENTRY--PERSONAL NAME
Personal name BIRD L.DONI
245 ## - TITLE STATEMENT
Title MODERN DENTAL ASSISTING
250 ## - EDITION STATEMENT
Edition statement 8TH
260 ## - PUBLICATION, DISTRIBUTION, ETC. (IMPRINT)
Name of publisher, distributor, etc. ELSEVIER
Place of publication, distribution, etc. DELHI
Date of publication, distribution, etc. 1976
300 ## - PHYSICAL DESCRIPTION
Extent 1-1122
650 ## - SUBJECT ADDED ENTRY--TOPICAL TERM
Topical term or geographic name as entry element GENERAL DENTISTRY
942 ## - ADDED ENTRY ELEMENTS (KOHA)
Source of classification or shelving scheme Dewey Decimal Classification
Koha item type Books
Holdings
Withdrawn status Lost status Source of classification or shelving scheme Damaged status Not for loan Home library Current library Date acquired Source of acquisition Cost, normal purchase price Serial Enumeration / chronology SGTU Bill Number Total Checkouts Full call number Barcode Date last seen Bill Date Koha item type
    Dewey Decimal Classification     SGT Dental Library SGT Dental Library 07/02/2006 U.B.S.DELHI 3495.00 1 SGTU 951   617.6 M1976B FD3861 09/02/2015 26/07/2012 Books